000 00323nam a2200133Ia 4500
008 240624s9999 xx 000 0 und d
041 _aeng
082 _a332.632 ICF
100 _aICFAI
245 _aSECURITY ANALYSIS TEXTBOOK
260 _c2005
_aHyderabad
_bICFAI press
300 _a764 : p. : cm. ; 27
365 _cRS
_b30
999 _c9440
_d9440